Countries and Capitals without s / t / a / n - Statistics

General Stats
  • This quiz has been taken 34 times
  • The average score is 8 of 16
Answer Stats
Answer % Correct
Fiji
72%
Peru
72%
Mexico
68%
Chile
64%
Greece
56%
Rome
56%
Belgium
52%
Lomé
52%
Belize
48%
Luxembourg
48%
Luxembourg
48%
Dili
44%
Morocco
44%
Czech Republic
36%
Kyiv
36%
Libreville
20%
No matching quizzes found
Score Distribution
Percent of People with Each Score
Percentile by Number Answered
Your Score History
You have not taken this quiz